M-commerce není jen GSM banking

Rozvoj spolupráce bánk s mobilnými operátormi. Výklad pojmu m-commerce. Pod pojem m-commerce sú zahrnuté všetky služby, kedy mobilný telefón sprostredkováva platbu. Príklady využívania služby m-commerce v Českej republike. Pojem m-platba. GSM bankovníctvo. Mobil = peňaženka budúcnosti.

Uložené v:
Podrobná bibliografia
Hlavný autor: Kemrová, Martina
Médium: Kapitola
Jazyk:Czech
Predmet:
Tagy: Pridať tag
Žiadne tagy, Buďte prvý, kto otaguje tento záznam!

MARC

LEADER 00000naa$a2200000$$$4500
001 0028621
005 20231010083924.9
041 0 |a cze 
044 |a CZ 
245 1 0 |a M-commerce není jen GSM banking  |c Martina Kemrová 
520 |a Rozvoj spolupráce bánk s mobilnými operátormi. Výklad pojmu m-commerce. Pod pojem m-commerce sú zahrnuté všetky služby, kedy mobilný telefón sprostredkováva platbu. Príklady využívania služby m-commerce v Českej republike. Pojem m-platba. GSM bankovníctvo. Mobil = peňaženka budúcnosti. 
610 2 0 |a bankovníctvo 
610 2 0 |a služby bankové 
610 2 0 |a telefón mobilný 
610 2 0 |a operátori 
610 2 0 |a platby bezhotovostné 
100 1 |a Kemrová, Martina